00401nam a2200145Ia 4500008004100000041000800041082000800049100002900057245005900086250000800145260006700153300000800220365000800228999001900236231011s9999 xx 000 0 und d aeng a336 aEssvale Corporation Ltd. aBusiness Knowledge for IT in Private Wealth Management a1st bShroff Publishers & Distributers Navi Mumbai Navi Mumbaic2011 a274 b400 c908236d908236